Miasta w Śląskiem powyżej 50 tysięcy mieszkańców - Statystyki

Ogólne statystyki
  • Ten quiz został rozwiązany 146 razy
    16 od ostatniego zresetowania
  • Średni wynik to 17 z 20
Statystyki odpowiedzi
Populacja Odpowiedź % Poprawnych
205k Częstochowa
100%
113k Dąbrowa Górnicza
100%
170k Gliwice
100%
279k Katowice
100%
122k Tychy
100%
165k Bielsko-Biała
94%
147k Bytom
94%
103k Chorzów
94%
130k Rybnik
94%
187k Sosnowiec
94%
86k Jaworzno
88%
130k Ruda Śląska
88%
61k Tarnowskie Góry
88%
153k Zabrze
88%
82k Jastrzębie Zdrój
75%
53k Będzin
69%
71k Mysłowice
69%
51k Piekary Śląskie
69%
63k Siemianowice Śląskie
69%
61k Żory
69%
Nie znaleziono quizów pasujących do podanych kryteriów
Rozkład punktacji
Procent ludzi z każdym wynikiem
Percentyl według liczby udzielonych odpowiedzi
Twoja historia wyników
Nie rozwiązałeś tego quizu od ostatniego zresetowania